Perspectives of modern Physics / (Record no. 4344)
[ view plain ]
| 000 -LEADER | |
|---|---|
| fixed length control field | 00634pam a2200229 a 4500 |
| 001 - CONTROL NUMBER | |
| control field | 6088 |
| 003 - CONTROL NUMBER IDENTIFIER | |
| control field | BD-DhUAP |
| 005 - DATE AND TIME OF LATEST TRANSACTION | |
| control field | 20201108130303.0 |
| 008 - FIXED-LENGTH DATA ELEMENTS--GENERAL INFORMATION | |
| fixed length control field | 200308s1999 ii a b 001 0 eng |
| 020 ## - INTERNATIONAL STANDARD BOOK NUMBER | |
| International Standard Book Number | 007085047X |
| 040 ## - CATALOGING SOURCE | |
| Original cataloging agency | BD-DhUAP |
| Transcribing agency | BD-DhUAP |
| Modifying agency | BD-DhUAP |
| Language of cataloging | Eng |
| 082 00 - DEWEY DECIMAL CLASSIFICATION NUMBER | |
| Classification number | 539 BEI |
| Edition number | 23 |
| 100 ## - MAIN ENTRY--PERSONAL NAME | |
| Personal name | Beiser, Arthur. |
| 245 ## - TITLE STATEMENT | |
| Title | Perspectives of modern Physics / |
| Statement of responsibility, etc. | Arthur Beiser. |
| 250 ## - EDITION STATEMENT | |
| Edition statement | International edition. |
| 260 ## - PUBLICATION, DISTRIBUTION, ETC. | |
| Place of publication, distribution, etc. | New York : |
| Name of publisher, distributor, etc. | McGraw-hill, |
| Date of publication, distribution, etc. | c1999. |
| 300 ## - PHYSICAL DESCRIPTION | |
| Extent | vii, 608 pages : |
| Other physical details | illustrations ; |
| Dimensions | 21 cm. |
| 500 ## - GENERAL NOTE | |
| General note | Includes index. |
| 650 ## - SUBJECT ADDED ENTRY--TOPICAL TERM | |
| Topical term or geographic name entry element | Physics |
| 650 ## - SUBJECT ADDED ENTRY--TOPICAL TERM | |
| Topical term or geographic name entry element | Nuclear physics. |
| 942 ## - ADDED ENTRY ELEMENTS (KOHA) | |
| Source of classification or shelving scheme | |
| Koha item type | Book |
| Withdrawn status | Lost status | Source of classification or shelving scheme | Damaged status | Not for loan | Permanent Location | Current Location | Shelving location | Date acquired | Full call number | Barcode | Date last seen | Copy number | Price effective from | Koha item type |
|---|---|---|---|---|---|---|---|---|---|---|---|---|---|---|
| UAP Central Library | UAP Central Library | General Stacks | 2020-11-08 | 539 BEI | 3010006088 | 2020-11-08 | 1 | 2020-11-08 | Book | |||||
| UAP Central Library | UAP Central Library | General Stacks | 2020-11-08 | 539 BEI | 3010006094 | 2020-11-08 | 2 | 2020-11-08 | Book | |||||
| UAP Central Library | UAP Central Library | General Stacks | 2020-11-08 | 539 BEI | 3010006095 | 2020-11-08 | 3 | 2020-11-08 | Book | |||||
| UAP Central Library | UAP Central Library | General Stacks | 2020-11-08 | 539 BEI | 3010006089 | 2020-11-08 | 4 | 2020-11-08 | Book | |||||
| UAP Central Library | UAP Central Library | General Stacks | 2020-11-08 | 539 BEI | 3010003172 | 2020-11-08 | 5 | 2020-11-08 | Book | |||||
| UAP Central Library | UAP Central Library | General Stacks | 2020-11-08 | 539 BEI | 3010003171 | 2020-11-08 | 6 | 2020-11-08 | Book | |||||
| UAP Central Library | UAP Central Library | General Stacks | 2020-11-08 | 539 BEI | 3010000509 | 2020-11-08 | 7 | 2020-11-08 | Book | |||||
| UAP Central Library | UAP Central Library | General Stacks | 2020-11-08 | 539 BEI | 3010003170 | 2020-11-08 | 8 | 2020-11-08 | Book | |||||
| UAP Central Library | UAP Central Library | General Stacks | 2020-11-08 | 539 BEI | 3010006091 | 2020-11-08 | 9 | 2020-11-08 | Book | |||||
| UAP Central Library | UAP Central Library | General Stacks | 2020-11-08 | 539 BEI | 3010006092 | 2020-11-08 | 10 | 2020-11-08 | Book | |||||
| UAP Central Library | UAP Central Library | General Stacks | 2020-11-08 | 539 BEI | 3010001442 | 2020-11-08 | 11 | 2020-11-08 | Book | |||||
| UAP Central Library | UAP Central Library | General Stacks | 2020-11-08 | 539 BEI | 3010004129 | 2020-11-08 | 12 | 2020-11-08 | Book | |||||
| UAP Central Library | UAP Central Library | General Stacks | 2020-11-08 | 539 BEI | 3010006093 | 2020-11-08 | 13 | 2020-11-08 | Book | |||||
| UAP Central Library | UAP Central Library | General Stacks | 2020-11-08 | 539 BEI | 3010006090 | 2020-11-08 | 14 | 2020-11-08 | Book |
Bengali Keyboard